000 01421nam a2200457 c 4500
001 14768
003 ES-MaCES
005 20180725133451.0
008 030328s2002 sp t 000 | spa d
017 _aM 30028-2002
_bDL
020 _a8495163683
035 _aCES20030003160m
040 _aES-MaCES
_bspa
_cES-MaCES
100 1 _911073
_aDurán, María Ángeles
245 1 4 _aLos costes invisibles de la enfermedad
_cM.ª Ángeles Durán
250 _a2ª ed
260 _aBilbao
_bFundación BBV, Documenta
_c[2002]
300 _a391 p.
_c24 cm
500 _aÍndices
504 _aBibliografía: p. 363-374
541 _cCompra
650 4 _aenfermedad
_928679
650 4 _acoste social
_928740
650 4 _aasistencia médica
_930272
650 4 _aservicio de salud
_927058
650 4 _acuidado no profesional
_930651
650 4 _aresponsabilidades familiares
_930598
650 4 _aatención a domicilio
_930678
650 4 _acuidados de larga duración
_930677
650 4 _aEspaña
_926964
650 4 _aencuesta
_928856
650 4 _aanálisis de datos
_928876
650 4 _aindicador social
_927259
650 4 _acuadros estadísticos
_928890
653 1 0 _aSalud
710 2 _aFundación BBV
_eed.
_93765
775 0 _tLos costes invisibles de la enfermedad
_w(ES-MaCES)10537
902 _aLIB Libro
942 _2CES
_cBK
_h3.1.
999 _c14768
_d14768